Регионална библиотека "Любен Каравелов" - Русе

Книга за лятото (Запис номер 323112)

MARC детайли
000 -Лидер
Контролно поле с фиксирана дължина 01040aam a2200301 a 4500
003 - Код на организацията, давaща контролен номер
Контролно поле BLK
005 - Дата и час на последна редакция
Контролно поле 20250730141828.0
008 - Елементи от данни с фиксирана дължина
fixed length control field 181016b bu |||||r|||| 00| | bu d
020 ## - Международен стандартен номер на книга ISBN
Международен стандартен номер на книга ISBN 978-619-151-429-8
040 ## - Източник на каталожния запис
Идентификатор на билиотеката - собственик на записа BLK
041 ## - Код за език
Код за езика на текст/звукозапис или на отделно заглавие Български
Код за езика КДБФ Български
080 ## - УДК
Текстов определител УДК Американска литература (на САЩ)
УДК код - определител по УДК 821.111(73)
УДК - код + определител 821.111(73)-31
100 ## - Редна дума - Автор
Автор Гейбъл, Мишел
Авторска отговорност първи автор
R(LIN) 1299
139 ## - Редно поле
Редна дума Гейбъл, Мишел
Авторски знак Гед - Г 28
245 ## - Сведения за заглавието
Заглавие Книга за лятото
Редно поле (дума) Мишел Гейбъл ; прев. от англ. Паулина Мичева.
260 ## - Област на издателските данни
Място на издаване, разпространение и проч. София
Име на издателя, разпространителя и проч. Софтпрес
Година на издаване 2018
Печатница Добрич : Фолиарт
300 ## - Физическа характеристика
Страници 432 с.
Размери/Мащаб 20 см
380 ## - Жанр
Жанр Худож. лит.
700 ## - Други автори (авторска отговорност)
Лично име Мичева, Паулина Стойчева
9 (RLIN) 368043
852 ## - Местоположение
Фондова буква Заемна - подръчен фонд
Систематично-азбучна сигнатура П 820(73)-31/Г 28
852 ## - Местоположение
Фондова буква Хранилище
Форматна сигнатура Цб 296635
999 ## - СИСТЕМНИ КОНТРОЛНИ НОМЕРА
Koha biblionumber 323112
Koha biblioitemnumber 323112
942 ## - АРТИКУЛИ
Вид на библиотечния материал Книги
Източник на класификационната схема Universal Decimal Classification
Скрит в OPAC Не
Koha issues (borrowed), all copies 54
Периодичен библиозапис Да
999 ## - СИСТЕМНИ КОНТРОЛНИ НОМЕРА
Koha biblioitemnumber 323112
999 ## - СИСТЕМНИ КОНТРОЛНИ НОМЕРА
Koha biblioitemnumber 323112
999 ## - СИСТЕМНИ КОНТРОЛНИ НОМЕРА
Koha biblioitemnumber 323112
999 ## - СИСТЕМНИ КОНТРОЛНИ НОМЕРА
Koha biblioitemnumber 323112
944 ## - СЪЗДАВАНЕ И РЕДАКЦИЯ на ЗАПИСА
Служител, извършил регистрацията/редакцията 30531
Статус, дата на статуса Цветелина Шанова
Наличности
Код за отписване Код за изгубен артикул Източник на класификационната схема Код за повреда Код за отдаване Артикулен № Име на библиотеката - собственик Име на библиотеката, в която се намира в момента Статус (Текущо местоположение) Дата на вписване в системата Местоположение - отдел Цена в лева Инвентарен номер Систематично азбучна сигнатура Баркод Цена в евро Служебен тип на артикула Коз за рестрикции
  Не е изгубен Universal Decimal Classification Не е повреден заемане за дома 677881 Регионална библиотека "Любен Каравелов" Русе Регионална библиотека "Любен Каравелов" Русе Заемна - подръчен фонд 2018-06-22 Заемна - подръчен фонд 17.99 120000821674 П 820(73)-31/Г 28 120000821674 9.20 Книги  
  Не е изгубен Universal Decimal Classification Не е повреден ползва се в читалня 737347 Регионална библиотека "Любен Каравелов" Русе Регионална библиотека "Любен Каравелов" Русе Хранилище 2019-09-09 Хранилище 17.99   Цб 296635 120000836173 9.20 Книги само за читалня
  Не е изгубен Universal Decimal Classification Не е повреден заемане за дома 816254 Регионална библиотека "Любен Каравелов" Русе Регионална библиотека "Любен Каравелов" Русе Заемна - подръчен фонд 2021-03-15 Заемна - подръчен фонд 17.99   821-31/Г 28 120000853443 9.20 Книги без рестрикции
Vip Innovations Ltd, Rousse, Bulgaria 2025